Dı̂vân-ı kebı̂r /

Saved in:
Bibliographic Details
Main Author: Jalāl al-Dīn Rūmī, Maulana, 1207-1273.
Other Authors: Ergin, Nevit Oguz, 1928-
Format: Book
Language:English
Turkish
Published: Walla Walla, WA : Current, 1995-
Series:Kültür Bakanlığı yayınları ; 1725, etc.
Subjects:
Tags: Add Tag
No Tags, Be the first to tag this record!
LEADER 01701nam a2200373Ia 4500
001 007732073-5
005 20020606104010.5
008 960716m19959999wau 000 0 eng d
020 |a 9751715067 (v.1) 
020 |a 188799100X (v.2) 
020 |a 1887991018 (v.3) 
020 |a 1887991026 (v.4) 
035 0 |a ocm42719718 
035 0 |a ocm35092892  |z ocm34507202 
040 |a OSU  |c OSU  |d TXN  |d HLS 
041 1 |a tur  |h eng 
050 0 0 |a PK6481  |b .D4 1995 
090 |a PK6481.D6  |b E5 1995x 
100 0 |a Jalāl al-Dīn Rūmī,  |c Maulana,  |d 1207-1273. 
240 1 0 |a Dīvān-i Shams-i Tabrīzī.  |l English 
245 1 0 |a Dı̂vân-ı kebı̂r /  |c Mevlânâ Celâleddin Rumi ; translated by Nevit Oguz Ergin. 
260 |a Walla Walla, WA :  |b Current,  |c 1995- 
300 |a v. :  |b ill. ;  |c 22 cm. 
490 1 |a Ministry of Culture publications of the Republic of Turkey ;  |v 1725, 1761, 1812, 1854, 1949 
500 |a Place of publication and publisher varies. Place of publication, v. 2- Sun Valley, Calif., etc. ; Publisher, v. 2- Echo Publications. 
505 1 |a Meter I. Bahr-i Recez -- Meter II. Bahr-i Muzari-Ariz -- Meter III. Bahr-i Hezec-Ahrab -- Meter IV. Bahr-i Muzari Ahrab-i Mekfut. 
504 |a Includes bibliographical references. 
650 0 |a Turkish poetry  |y 13th century. 
650 0 |a Sufi poetry. 
700 1 |a Ergin, Nevit Oguz,  |d 1928- 
776 0 8 |i Online version:  |a Jalāl al-Dīn Rūmī, Maulana, 1207-1273.  |s Dīvān-i Shams-i Tabrīzī. English.  |t Dîvân-i Kebîr.  |d Walla Walla, Wash. : Current ; Ankara, Turkey : Turkish Republic Ministry of Culture, 1995-<2003>  |w (OCoLC)645846752 
830 0 |a Kültür Bakanlığı yayınları ;  |v 1725, etc. 
988 |a 20020608 
906 |0 OCLC